|
|
|
|
| LEADER |
00805cam a2200253 7i4500 |
| 001 |
0000037010 |
| 005 |
20221115090000.0 |
| 007 |
##ta |
| 008 |
221115t20192018 o e eng |
| 020 |
# |
# |
|a 9780857629432
|
| 040 |
# |
# |
|a MATR
|
| 090 |
0 |
# |
|a B 111.8
|b DEL
|
| 100 |
1 |
# |
|a Delorie, Oliver Luke
|e author
|
| 245 |
1 |
0 |
|a WABI SABI :
|b Finding Beauty in Imperfection
|c Oliver Luke Delorie.
|
| 264 |
# |
1 |
|a United Kingdom:
|b POPULAR UK,
|c 2019.
|
| 300 |
# |
# |
|a 160 pages:
|b illustrations;
|c 18 cm.
|
| 336 |
# |
# |
|a text
|2 rdacontent
|
| 337 |
# |
# |
|a unmediated
|2 rdamedia
|
| 338 |
# |
# |
|a volume
|2 rdacarrier
|
| 650 |
# |
0 |
|a Conduct of life
|
| 650 |
# |
0 |
|a Aesthetics, Japanese
|
| 650 |
# |
0 |
|a Philosophy, Japanese
|
| 651 |
# |
0 |
|a Japan --
|x Social life and customs
|
| 999 |
|
|
|a 0000041775
|b Book
|c Book
|e Business Information Centre
|